Przeprowadzenie badań i prób technicznych nad doborem tworzywa do produkcji korpusów cewek / (Rekord nr 1888)
| 000 -ETYKIETA REKORDU | |
|---|---|
| podpole kontrolne o stałej długości | 01425nam a2200217 i 4500 |
| 001 - NUMER KONTROLNY REKORDU | |
| podpole kontrolne | BPP |
| 003 - IDENTYFIKATOR NUMERU KONTROLNEGO REKORDU | |
| podpole kontrolne | BPK |
| 005 - DATA OSTATNIEJ MODYFIKACJI REKORDU | |
| podpole kontrolne | 20171113145110.0 |
| 008 - POLE O STAŁEJ DŁUGOŚCI - DANE KONTROLNE | |
| podpole kontrolne o stałej długości | 140404s1981 pl f |000 0 pol |
| 040 ## - ŹRÓDŁO KATALOGOWANIA | |
| Instytucja, która utworzyła rekord | BPK |
| 080 ## - UNIWERSALNA KLASYFIKACJA DZIESIĘTNA - UKD | |
| UKD | 678.7 |
| 100 ## - NAZWA OSOBOWA | |
| Nazwa osobowa | KARASIŃSKA-KWIATKOWSKA, Józefa. |
| Instytucja | Wyższa Szkoła Inżynierska - Instytut Inżynierii Materiałowej, |
| Lata pracy | 1974 - 1982. |
| Wydział | Zakład Technologii Tworzyw Sztucznych |
| 245 ## - TYTUŁ/ODPOWIEDZIALNOŚĆ | |
| Tytuł | Przeprowadzenie badań i prób technicznych nad doborem tworzywa do produkcji korpusów cewek / |
| Pozostałe elementy strefy tytułu i oznaczenia odpowiedzialności | Józefa Karasińska-Kwiatkowska, Adam Gilewicz, Zbigniew Herman. |
| 260 ## - STREFA ADRESU WYDAWNICZEGO | |
| Miejsce wydania | Koszalin, |
| Data publikacji, dystrybucji/powstania dokumentu | 1981. |
| 500 ## - UWAGI OGÓLNE | |
| Tekst uwagi | Dane z autopsji. |
| 520 ## - UWAGA DOTYCZĄCA TREŚCI DOKUMENTU | |
| Analiza dokumentacyjna, adnotacja itp. | Celem niniejszej pracy było dobranie takiego krajowego tworzywa w miejsce importowanego z krajów zachodnich polietylenu niskociśnieniowego, które spełniałoby wymagania stawiane tworzywom do produkcji korpusów cewek (odpowiednie własności dielektryczne, mechaniczne i cieplne), a jednocześnie gwarantowałoby stabilność wymiarową między kontaktami po lutowaniu. |
| 650 #0 - HASŁO PRZEDMIOTOWE W FORMIE NAZWY OGÓLNEJ LUB JEDNOSTKOWEJ | |
| Nazwa ogólna lub geograficzna | Tworzywa sztuczne - wyroby. |
| 700 ## - HASŁO DODATKOWE - NAZWA OSOBOWA | |
| Nazwa osobowa | HERMAN, Zbigniew. |
| Instytucja | Wyższa Szkoła Inżynierska - Instytut Inżynierii Materiałowej, |
| Lata pracy | 1974 - 1983. |
| Wydział | Zakład Technologii Tworzyw Sztucznych |
| 700 ## - HASŁO DODATKOWE - NAZWA OSOBOWA | |
| Nazwa osobowa | GILEWICZ, Adam. |
| Lata pracy | 1976 - 1996. |
| Instytucja | Wyższa Szkoła Inżynierska w Koszalinie - Instytut Inżynierii Materiałowej, |
| Wydział | Zakład Technologii Tworzyw Sztucznych |
| 942 ## - HASŁO DODATKOWE - ELEMENTY(KOHA) | |
| Typ dokumentu | Materiały nieopublikowane |
| Schemat klasyfikacji | Uniwersalna klasyfikacja dziesiętna |
| Wycofany | Zagubiony | Uszkodzony | Dostępność | Lokalizacja stała | Lokalizacja bieżąca | Sygnatura | Typ dokumentu |
|---|---|---|---|---|---|---|---|
| Dostępny | Bibliografia Prac Pracowników - BPK | Bibliografia Prac Pracowników - BPK | NB-91 | Materiały nieopublikowane |
